00657 2200241 4500001002100000005001700021008004100038020002200079035002500101040001200126082001200138084001400150100001200164245008000176260002800256300002800284650001200312700002500324850001200349990001800361990001800379990001800397INLIS00000000001297420150916132936.0  a978-602-258-265-6 a0010-091500000001487 aYOPDYOG 223a551 a551 Soe P aSOETOTO aPenginderaan jauh untuk geologic/ Soetoto; Penyunting, Kartika N Nugrahini aYogyakartabOmbakc2014 axxii, 193 hlm.c; 21 cm aGoelogi aKARTIKA N. Nugrahini aYOPDYOG a22873-PD/B.15 a22874-PD/B.15 a22875-PD/B.15